000 01158nam a22003137a 4500
001 BR7100163
003 BR-BrBNA
005 20230928083639.0
007 ta
008 230509b bl.||||| |||| 00| 0 por d
040 _aBR-BrBNA
_bpor
_cBiblioteca Nacional de Agricultura
041 _a(Por)
072 _aH20
_b1850
090 _ 1850 BR7100163
100 1 _aMatsuoka, K.
110 1 _aUniversidade Federal de Vicosa, MG (Brasil)
_0Tese (Magister Scientiae)
245 1 _aIdentificacao de racas fisiologicas de Fusarium oxysporum f. lycopersici (Sacc.)Snyder Hansen, em Minas Gerais, e selecao de tomateiros resistentes a raca 1 do patogeno [Lycopersicum esculentum; Murcha de fusarium; Fungo]
260 3 _aVicosa, MG (Brasil):
_c1971.
300 _a66 p.
500 _a11 tables; Bibliography p. 54-60 (50 ref.); Summary (Por). (*) Documento disponível na(o) Universidade Federal de Vicosa, MG (Brazil)
650 _aDoenca de planta
650 _aTomate
650 _aFungo
650 _aMurcha de fusarium
650 _aRaca fisiologica
650 _aVariedade resistente
909 _a202309
_bLucia
_c55
_dLucia Elande
942 _cBK
999 _c14621
_d14621